000 00388nam a2200145 i 4500
001 bg
100 1 _aBILIŃSKI, Tadeusz
_d(1932- ).
245 0 _aUnifikacja i typizacja w budownictwie prefabrykowanym /
_cT. Biliński.
260 _aZielona Góra,
_c1979.
040 _cBPK
041 _apol
080 _a69.057:006](075.8)
942 _cKS
008 s pl f |000 0 pol
999 _c18885
_d18885
856 _uhttp://koha.tu.koszalin.pl/cgi-bin/koha/opac-detail.pl?biblionumber=18885
_yKatalog online BPK